Lyrics

Spremljeno u:
Bibliografski detalji
Glavni autor: Coddou Mc Manus, Sergio Cristián (Autor)
Format: Knjiga
Jezik:španjolski
Izdano: Santiago Rottweiler 2005
Izdanje:1a. ed
Teme:
Oznake: Dodaj oznaku
Bez oznaka, Budi prvi tko označuje ovaj zapis!

MARC

LEADER 00000cam a2200000 a 4500
001 UCG7795
003 CL-VaPUC
008 110921e20050100CL |||||||||||||||||spa|d
020 |a 9562994538 
082 0 4 |a Ch861  |b COD  |2 21 
100 0 |a Coddou Mc Manus, Sergio Cristián  |e author  |9 558315 
245 1 0 |a Lyrics 
250 |a 1a. ed 
300 |a 95 p 
942 |c BK 
945 |d 20110921 00:00:00  |a dcastane 
260 |a Santiago  |b Rottweiler  |c 2005 
650 0 |a Poesías chilenas   |9 265280 
583 |a last modification  |c 20110921 11:47:00  |k Rodrigo Vera 
999 |c 345540  |d 345538 
952 |0 0  |1 0  |4 0  |6 CH_861_000000000000000_COD_2005  |7 0  |8 A  |9 444406  |a BIBARQ  |b BIBARQ  |d 2019-11-22  |i 4791304  |o Ch861 COD 2005  |p 4791304  |r 2025-01-20  |w 2019-11-22  |y BK  |k ARQ